00621nam a2200181 a 450000500170000000800410001705000220005810000250008024500420010525000160014726000360016330000190019952001070021865000490032565000220037465000330039665000100042920140414093840.0071002s19uu xx 00 eng d aDVD 820bSHA 2002 aShakespeare, William aRomeo & Juliet /cWilliam Shakespear. aSpecial Ed. aSl :b20th Century Fox,cc2002. a1 (video disk) aSummary: The Brilliant and Contemporary re-telling of the most tragic love affair of Romeo and Juliet. aShakespear, William, 1564-1616xAdaptations. aFilm adaptations. aInternational Baccalaureate. aFilm.